| 000 | 00603nam a2200229Ia 4500 | ||
|---|---|---|---|
| 005 | 20250508164036.0 | ||
| 008 | 008 250505s9999 xx 000 0 eng d | ||
| 020 | _a81-208-1247-0 | ||
| 037 | _aTextBook | ||
| 040 |
_aFEDL _beng _cFEDL |
||
| 041 |
_aeng _2eng |
||
| 084 |
_a294.3, BAT _qFEDL |
||
| 100 | _aBatchelor Martine | ||
| 245 | 0 | _aBuddhism and ecology | |
| 260 |
_aDelhi, India _bMotilal Banarsi Dass _c1994 |
||
| 300 | _axiv, 114p | ||
| 365 |
_aINR _b65 |
||
| 650 | _aBuddhism | ||
| 700 |
_a Brown Kerry _9777157 |
||
| 942 |
_cTB _h294.3, BAT |
||
| 999 |
_c1386737 _d1386737 |
||